[Event "ICS rated blitz match"]
[Site "204.178.125.65"]
[Date "2001.07.20"]
[Round "?"]
[White "cfd"]
[Black "Hossa"]
[Result "0-1"]
[WhiteElo "2207"]
[BlackElo "2624"]
[PlyCount "40"]
[EventDate "2001.??.??"]

1. d4 Nf6 2. e3 e6 3. Bd3 Nc6 4. c3 e5 5. dxe5 Nxe5 6. Bc2 d5 7. Nf3 Nxf3+ 8.
Qxf3 Bg4 9. Qg3 Bd6 10. Qh4 Qd7 11. Qg5 O-O 12. h3 h6 13. Qh4 Bf5 14. Bxf5 Qxf5
15. O-O Rfe8 16. Nd2 Qc2 17. Re1 Re7 18. g4 Rae8 19. g5 Qg6 20. Nf3 Re4 {
cfd resigns} 0-1

[Event "ICS Rated blitz match"]
[Site "204.178.125.65"]
[Date "2001.07.20"]
[Round "?"]
[White "Hossa"]
[Black "cfd"]
[Result "1-0"]
[WhiteElo "2627"]
[BlackElo "2204"]
[PlyCount "101"]
[EventDate "2001.??.??"]

1. d4 d6 2. g3 e5 3. dxe5 dxe5 4. Qxd8+ Kxd8 5. Nc3 Bd6 6. Bg2 Ne7 7. Bd2 Nbc6
8. Nf3 Bf5 9. O-O-O f6 10. e4 Be6 11. Nb5 Kc8 12. Nxd6+ cxd6 13. Kb1 Rd8 14.
Be3 Kc7 15. Nd2 Rd7 16. f4 Rad8 17. f5 Bf7 18. c4 Rb8 19. b3 b5 20. cxb5 Rxb5
21. Bf1 Rb8 22. Rc1 d5 23. Bxa7 Ra8 24. Bc5 d4 25. Bxe7 Rxe7 26. Bb5 Be8 27.
Rxc6+ Bxc6 28. Rc1 Rc8 29. Rxc6+ Kb7 30. Rxc8 Kxc8 31. a4 g6 32. g4 gxf5 33.
gxf5 Rg7 34. Bf1 Rg1 35. b4 Rh1 36. h3 h5 37. a5 Kb7 38. b5 h4 39. Kc2 Rg1 40.
a6+ Kb6 41. Kb3 Rg3+ 42. Kb4 Rc3 43. Nc4+ Ka7 44. Nd6 Rc1 45. Bc4 Kb6 46. Nc8+
Kc7 47. a7 Kb7 48. Bd5+ Kxc8 49. a8=Q+ Kc7 50. b6+ Kxb6 51. Qb7# {
cfd checkmated} 1-0

[Event "ICS rated blitz match"]
[Site "204.178.125.65"]
[Date "2001.07.20"]
[Round "?"]
[White "cfd"]
[Black "Hossa"]
[Result "0-1"]
[WhiteElo "2201"]
[BlackElo "2630"]
[PlyCount "76"]
[EventDate "2001.??.??"]

1. d4 Nf6 2. e3 e6 3. Bd3 Nc6 4. f4 d5 5. c3 Ne4 6. Nd2 Qh4+ 7. g3 Nxg3 8. Ndf3
Qh5 9. hxg3 Qxh1 10. Bd2 Qg2 11. Qe2 Qxe2+ 12. Kxe2 Bd7 13. g4 e5 14. Nxe5 Nxe5
15. dxe5 Bxg4+ 16. Nf3 Rd8 17. Kf2 g6 18. b4 h5 19. Nd4 c6 20. a4 Bg7 21. a5 a6
22. Nb3 Bf8 23. Nd4 Ke7 24. Be1 Bg7 25. Kg2 h4 26. Bf2 Ra8 27. Rh1 h3+ 28. Kg3
Bd7 29. Bf1 g5 30. Bxh3 gxf4+ 31. exf4 Rag8 32. Bg2 Bxe5+ 33. Kf3 Bg4+ 34. Ke3
Bxd4+ 35. cxd4 Rxh1 36. Bxh1 Kf6 37. Bh4+ Kf5 38. Be7 Re8 {cfd resigns} 0-1

[Event "ICS Rated blitz match"]
[Site "204.178.125.65"]
[Date "2001.07.20"]
[Round "?"]
[White "Hossa"]
[Black "cfd"]
[Result "1-0"]
[WhiteElo "2632"]
[BlackElo "2199"]
[PlyCount "57"]
[EventDate "2001.??.??"]

1. c4 d6 2. Nc3 e5 3. Nf3 f5 4. d4 e4 5. Ng5 Nf6 6. d5 Be7 7. e3 O-O 8. Be2 h6
9. Ne6 Bxe6 10. dxe6 c6 11. g4 Nxg4 12. Bxg4 fxg4 13. Qxg4 Na6 14. Rg1 Bf6 15.
Nxe4 Qe7 16. f4 d5 17. cxd5 cxd5 18. Nc3 Rad8 19. f5 d4 20. Ne4 Nb4 21. Rg2
Nd3+ 22. Ke2 Nxc1+ 23. Rxc1 dxe3 24. Qg3 Rd2+ 25. Nxd2 exd2 26. Rc7 d1=Q+ 27.
Kxd1 Rd8+ 28. Ke2 Qf8 29. Rf7 {cfd resigns} 1-0

[Event "ICS rated blitz match"]
[Site "204.178.125.65"]
[Date "2001.07.20"]
[Round "?"]
[White "cfd"]
[Black "Hossa"]
[Result "0-1"]
[WhiteElo "2197"]
[BlackElo "2634"]
[PlyCount "34"]
[EventDate "2001.??.??"]

1. d4 Nf6 2. e3 d5 3. Bd3 c5 4. c3 Nc6 5. f4 cxd4 6. exd4 Bg4 7. Nf3 Qd7 8. O-O
O-O-O 9. Nbd2 Qc7 10. g3 h5 11. Kg2 h4 12. h3 Bxf3+ 13. Qxf3 hxg3 14. Qxg3 e6
15. Nf3 Nh5 16. Qh2 Bd6 17. Ne5 g5 {cfd resigns} 0-1

[Event "ICS rated blitz match"]
[Site "204.178.125.65"]
[Date "2001.07.20"]
[Round "?"]
[White "Hossa"]
[Black "cfd"]
[Result "1-0"]
[WhiteElo "2636"]
[BlackElo "2195"]
[PlyCount "109"]
[EventDate "2001.??.??"]

1. d4 d6 2. c4 e5 3. Nf3 Nd7 4. e4 g6 5. dxe5 dxe5 6. Be2 Bg7 7. O-O Ngf6 8.
Nc3 O-O 9. Qc2 c6 10. Rd1 Qc7 11. b3 Nc5 12. Ba3 Nfd7 13. Na4 b6 14. Nxc5 Nxc5
15. Bxc5 bxc5 16. Rd3 Bg4 17. Ng5 Bd7 18. Rb1 h6 19. Rbd1 Rfd8 20. Qd2 hxg5 21.
Rxd7 Rxd7 22. Qxd7 Rc8 23. Bg4 Qxd7 24. Rxd7 Rf8 25. Rxa7 Rd8 26. Bd7 Kf8 27.
Kf1 Ke7 28. Bxc6+ Kd6 29. Rxf7 Bh8 30. Ba4 Ke6 31. Rc7 Rd2 32. Rc6+ Kf7 33. a3
Bf6 34. Rxc5 Be7 35. Rxe5 Bxa3 36. Rxg5 Kf6 37. h4 Bb2 38. Be8 Bd4 39. f3 Rf2+
40. Ke1 Rb2 41. Kd1 Ke7 42. Bxg6 Rxb3 43. Rd5 Bf6 44. h5 Rb1+ 45. Ke2 Rh1 46.
g4 Bb2 47. f4 Bc1 48. Re5+ Kf6 49. g5+ Kg7 50. Re7+ Kf8 51. Rf7+ Kg8 52. h6 Bb2
53. h7+ Kh8 54. Rf8+ Kg7 55. Rg8# {cfd checkmated} 1-0

[Event "ICS rated blitz match"]
[Site "204.178.125.65"]
[Date "2001.07.20"]
[Round "?"]
[White "PostModernist"]
[Black "Hossa"]
[Result "1-0"]
[WhiteElo "2837"]
[BlackElo "2640"]
[PlyCount "72"]
[EventDate "2001.??.??"]

1. d4 Nf6 2. c4 e6 3. Nf3 d5 4. g3 Be7 5. Bg2 O-O 6. O-O dxc4 7. Qc2 b5 8. a4
bxa4 9. Ne5 Nd5 10. Qxa4 Bb7 11. Qb5 Qc8 12. Qxc4 f6 13. Nd3 Ba6 14. Qb3 Rd8
15. Nc3 c6 16. Rd1 Bf8 17. e4 Nxc3 18. Qxc3 Bb5 19. Bh3 f5 20. exf5 exf5 21.
Qb3+ Kh8 22. Ne5 Rd5 23. Nf7+ Kg8 24. Bg2 Qd7 25. Ra5 Be2 26. Nh6+ gxh6 27. Re1
Bd3 28. Rxd5 cxd5 29. Bxd5+ Kh8 30. Bxa8 Bb5 31. Bf4 Na6 32. Bb7 h5 33. Bxa6
Bxa6 34. Be5+ Bg7 35. Qb8+ Qc8 36. Bxg7+ Kxg7 {Hossa resigns} 1-0

[Event "ICS rated blitz match"]
[Site "204.178.125.65"]
[Date "2001.07.20"]
[Round "?"]
[White "giant1-c"]
[Black "Hossa"]
[Result "1-0"]
[WhiteElo "2675"]
[BlackElo "2628"]
[PlyCount "84"]
[EventDate "2001.??.??"]

1. e4 Nf6 2. e5 Nd5 3. d4 d6 4. c4 Nb6 5. exd6 exd6 6. Nc3 Be7 7. Be2 O-O 8.
Nf3 Re8 9. O-O Bg4 10. h3 Bh5 11. Be3 c6 12. Qb3 N8d7 13. Rad1 Qc7 14. Rfe1 Bg6
15. Bf4 Rab8 16. c5 Nc8 17. Bd3 Bxd3 18. Rxd3 Nf6 19. Rde3 Qd7 20. cxd6 Nxd6
21. Ne5 Qe6 22. Ng4 Qd7 23. Nxf6+ Bxf6 24. Qb4 Rxe3 25. Rxe3 Be7 26. Rxe7 Qxe7
27. Bxd6 Qe1+ 28. Kh2 a5 29. Qb6 Rc8 30. Qxb7 Qe6 31. Bg3 Rd8 32. a4 g5 33. Bc7
Qd7 34. Ne4 Qe7 35. Qxc6 Rxd4 36. Ng3 Qe6 37. Qa8+ Kg7 38. Nh5+ Kh6 39. Qh8 f5
40. Qxd4 Kxh5 41. Bxa5 f4 42. b4 h6 {Hossa resigns} 1-0

[Event "ICS rated blitz match"]
[Site "204.178.125.65"]
[Date "2001.07.20"]
[Round "?"]
[White "Hossa"]
[Black "giant1-c"]
[Result "1-0"]
[WhiteElo "2614"]
[BlackElo "2689"]
[PlyCount "149"]
[EventDate "2001.??.??"]

1. d4 c6 2. c4 d5 3. Nf3 Nf6 4. Nc3 a6 5. cxd5 cxd5 6. Bg5 Ne4 7. Bh4 Nc6 8. e3
Qa5 9. Qb3 Nxc3 10. bxc3 Bf5 11. Be2 e6 12. O-O b6 13. a4 Rc8 14. Bg3 Be7 15.
Rfc1 h5 16. Qb2 h4 17. Bf4 g5 18. Nd2 b5 19. axb5 Qb6 20. Rxa6 Qb7 21. e4 dxe4
22. Be3 Nb8 23. Ra2 h3 24. c4 Bf6 25. g4 Bg6 26. c5 O-O 27. c6 Qe7 28. Qc2 Kg7
29. Nxe4 Rfd8 30. Bf3 Rd7 31. Qa4 Bxe4 32. Bxe4 Rdd8 33. b6 Rd6 34. Rc5 Qe8 35.
c7 Qxa4 36. Rxa4 Rxb6 37. cxb8=B Rcxb8 38. Bxg5 Be7 39. Bf4 Bd6 40. Bc1 Bxc5
41. dxc5 Rb4 42. Rxb4 Rxb4 43. f3 Kf6 44. g5+ Ke5 45. Kf2 Rc4 46. Be3 f5 47.
gxf6 Kxf6 48. Kg3 Ke7 49. Kxh3 Rc3 50. Bg5+ Kd7 51. c6+ Kd6 52. Kg4 Ra3 53. h4
Ra1 54. h5 Rg1+ 55. Kf4 Rh1 56. h6 Rh3 57. h7 Rh2 58. Bf6 Rxh7 59. Be5+ Kc5 60.
Bxh7 Kxc6 61. Ke4 Kd7 62. f4 Ke7 63. Bg8 Kd7 64. Bxe6+ Kxe6 65. f5+ Kf7 66. Kd5
Ke7 67. f6+ Kf7 68. Kd6 Ke8 69. Ke6 Kd8 70. f7 Kc8 71. f8=Q+ Kb7 72. Qd8 Kc6
73. Qa5 Kb7 74. Bd6 Kc6 75. Qa6# {giant1-c checkmated} 1-0

[Event "ICS rated blitz match"]
[Site "204.178.125.65"]
[Date "2001.07.20"]
[Round "?"]
[White "giant1-c"]
[Black "Hossa"]
[Result "1-0"]
[WhiteElo "2670"]
[BlackElo "2633"]
[PlyCount "133"]
[EventDate "2001.??.??"]

1. d4 Nf6 2. Nf3 c5 3. c4 cxd4 4. Nxd4 e5 5. Nb5 Bb4+ 6. N1c3 O-O 7. a3 Bxc3+
8. Nxc3 Nc6 9. Bg5 h6 10. Bxf6 Qxf6 11. e3 Qg6 12. Nb5 b6 13. Nd6 Ba6 14. b4
Nd8 15. Qd5 Qc2 16. Bd3 Qc3+ 17. Ke2 Rb8 18. Rhc1 Qb2+ 19. Bc2 Bb7 20. Qd3 g6
21. Kf1 e4 22. Nxe4 Bxe4 23. Qxe4 Qf6 24. Rd1 Nc6 25. Qf4 Qxf4 26. exf4 Rfd8
27. Rd6 a5 28. b5 Ne7 29. Rad1 Rb7 30. Be4 Rc7 31. R1d4 Nc8 32. Rc6 Ra7 33. c5
bxc5 34. Rxc5 f5 35. Bc2 d6 36. Rc6 Kg7 37. Bd3 Kf6 38. b6 Rad7 39. Bb5 Ke6 40.
Bc4+ Kf6 41. Ba6 Ne7 42. Rc2 Rb8 43. b7 Rdd8 44. Rb2 Nc6 45. Rdd2 Ke7 46. Rb6
Na7 47. a4 Ke6 48. Bc4+ Ke7 49. Bd5 Rd7 50. Rdb2 Rc7 51. Ra6 Rc5 52. Rxa7 Kd7
53. Rb5 Rc2 54. Ra8 Kc7 55. Rxb8 Kxb8 56. Rxa5 Kc7 57. Ra8 Rb2 58. Rc8+ Kd7 59.
Bc6+ Ke6 60. Re8+ Kf6 61. Bb5 d5 62. b8=Q Rb1+ 63. Ke2 Rb2+ 64. Kd1 g5 65. Qd6+
Kf7 66. Re7+ Kg8 67. Qd8# {Hossa checkmated} 1-0

[Event "ICS rated blitz match"]
[Site "204.178.125.65"]
[Date "2001.07.20"]
[Round "?"]
[White "Hossa"]
[Black "giant1-c"]
[Result "0-1"]
[WhiteElo "2619"]
[BlackElo "2684"]
[PlyCount "142"]
[EventDate "2001.??.??"]

1. d4 d5 2. c4 c6 3. Nf3 e6 4. e3 Nf6 5. Nc3 Nbd7 6. Bd2 b6 7. Bd3 Bb7 8. O-O
Be7 9. e4 dxe4 10. Nxe4 c5 11. Qc2 cxd4 12. Nxd4 Ne5 13. Nxf6+ Bxf6 14. Bc3
Nxd3 15. Qxd3 O-O 16. Rfd1 Qc7 17. Nb5 Qc6 18. Qf1 Bxc3 19. Nxc3 Rfd8 20. Rxd8+
Rxd8 21. b3 Rd2 22. Rd1 Rxd1 23. Nxd1 Kf8 24. Nc3 Ke7 25. h3 h6 26. f3 Qd7 27.
Qf2 Bc6 28. Qe3 Qd6 29. Kf2 f6 30. a4 g5 31. a5 f5 32. axb6 f4 33. Qe1 axb6 34.
Ke2 Qd4 35. Qd2 Qg1 36. Kd3 Be8 37. Kc2 Bg6+ 38. Kb2 Qe3 39. Kc1 Bd3 40. Na4
Qxd2+ 41. Kxd2 Bf1 42. Nxb6 Bxg2 43. Ke2 Bxh3 44. b4 g4 45. fxg4 Bxg4+ 46. Kd3
e5 47. Ke4 Ke6 48. c5 Bf5+ 49. Kf3 h5 50. c6 Kd6 51. c7 Kxc7 52. Nc4 Bg4+ 53.
Ke4 f3 54. Ke3 e4 55. Nd2 Bf5 56. Kf4 Bh7 57. Kg5 Kc6 58. Kh4 Kd5 59. Kxh5 f2
60. Nf1 Kd4 61. Ng3 e3 62. Kg4 Bd3 63. b5 f1=Q 64. b6 e2 65. b7 Qd1 66. b8=Q
e1=Q+ 67. Kh4 Qe7+ 68. Kh3 Bf1+ 69. Nxf1 Qf3+ 70. Kh2 Qee2+ 71. Kg1 Qfxf1# {
Hossa checkmated} 0-1

[Event "ICS rated blitz match"]
[Site "204.178.125.65"]
[Date "2001.07.20"]
[Round "?"]
[White "Hossa"]
[Black "AvernoX"]
[Result "1-0"]
[WhiteElo "2610"]
[BlackElo "2268"]
[PlyCount "117"]
[EventDate "2001.??.??"]

1. d4 d6 2. g3 f5 3. Bg2 c6 4. Nf3 Nf6 5. O-O Qc7 6. Bf4 e6 7. c4 Be7 8. c5 O-O
9. Nbd2 Nd5 10. cxd6 Bxd6 11. Bxd6 Qxd6 12. Ne5 Nd7 13. Ndc4 Qc7 14. Qd2 Kh8
15. Nxd7 Bxd7 16. Ne5 Rad8 17. Rfc1 Be8 18. Rc5 f4 19. Bxd5 Rxd5 20. gxf4 Qd6
21. Rxd5 cxd5 22. Rc1 Qa6 23. b3 Bh5 24. e3 Rb8 25. Rc7 Rd8 26. f3 Rg8 27. Kf2
Rb8 28. Nd7 Qd6 29. Qa5 Rd8 30. Qc5 Qxc5 31. Nxc5 e5 32. Ne6 Rg8 33. fxe5 Rb8
34. Nf4 Be8 35. Nxd5 Bg6 36. e4 a6 37. Ne7 Be8 38. Rc8 Rxc8 39. Nxc8 Kg8 40.
Nd6 Kf8 41. Nxb7 Bd7 42. d5 Bc8 43. Nc5 a5 44. e6 h5 45. d6 h4 46. d7 Bxd7 47.
exd7 Ke7 48. e5 g6 49. e6 a4 50. bxa4 g5 51. Nb7 Kxe6 52. d8=Q Kf5 53. Qd7+ Kg6
54. Qe6+ Kh7 55. Qf7+ Kh6 56. Nd6 g4 57. f4 g3+ 58. Kf3 gxh2 59. Nf5# {
AvernoX checkmated} 1-0

[Event "ICS rated standard match"]
[Site "204.178.125.65"]
[Date "2001.07.20"]
[Round "?"]
[White "Hossa"]
[Black "AvernoX"]
[Result "1-0"]
[WhiteElo "2296"]
[BlackElo "2131"]
[PlyCount "70"]
[EventDate "2001.??.??"]

1. d4 c5 2. d5 d6 3. Nc3 Nf6 4. e4 g6 5. Nf3 Bg7 6. Be2 O-O 7. O-O Bg4 8. h3
Bd7 9. Bf4 Qb6 10. Rb1 Na6 11. e5 dxe5 12. Nxe5 Bf5 13. Nc4 Qd8 14. Ne3 Bd7 15.
Bxa6 bxa6 16. d6 e6 17. Be5 Rb8 18. a4 Rb4 19. b3 Bc6 20. Qd3 Qc8 21. Nc4 Qa8
22. f3 Rfb8 23. Rbd1 Rc8 24. Qd2 Bd7 25. Qf2 Nd5 26. Bxg7 Kxg7 27. Ne4 Bxa4 28.
Nxc5 Bc6 29. Nxa6 Rb5 30. Nc5 Qb8 31. Ra1 Kg8 32. Ne4 Rb7 33. Na5 Rb6 34. c4
Nf4 35. Nf6+ Kg7 {AvernoX resigns} 1-0

[Event "ICS rated blitz match"]
[Site "204.178.125.65"]
[Date "2001.07.21"]
[Round "?"]
[White "Hossa"]
[Black "Malukulu"]
[Result "0-1"]
[WhiteElo "2614"]
[BlackElo "2783"]
[PlyCount "74"]
[EventDate "2001.??.??"]

1. d4 Nf6 2. Nf3 e6 3. Bf4 c5 4. Nc3 d5 5. e3 a6 6. dxc5 Bxc5 7. Bd3 b5 8. O-O
Nc6 9. Qd2 O-O 10. a4 b4 11. Ne2 Ne4 12. Qc1 g5 13. Ne5 gxf4 14. Nxc6 Qd6 15.
Ncd4 e5 16. Bxe4 dxe4 17. Nb3 Bg4 18. Rd1 Qc6 19. Nxc5 Qxc5 20. Re1 f3 21. gxf3
Bxf3 22. h3 Kh8 23. Ng3 f5 24. b3 f4 25. exf4 exf4 26. Qb2+ Qc3 27. Qxc3+ bxc3
28. Ne2 Rad8 29. Kf1 Rd2 30. Nxc3 e3 31. fxe3 Bg2+ 32. Kg1 f3 33. Kh2 Bf1+ 34.
Kg3 Rg2+ 35. Kh4 Rf6 36. Kh5 Kg7 37. Rxf1 Rh6# {Hossa checkmated} 0-1

[Event "ICS rated blitz match"]
[Site "204.178.125.65"]
[Date "2001.07.21"]
[Round "?"]
[White "RAFFAELE"]
[Black "Hossa"]
[Result "0-1"]
[WhiteElo "2323"]
[BlackElo "2605"]
[PlyCount "31"]
[EventDate "2001.??.??"]

1. d4 Nf6 2. c4 e6 3. Nc3 Bb4 4. Bg5 c5 5. d5 d6 6. e3 h6 7. Bh4 Bxc3+ 8. bxc3
e5 9. f3 g5 10. Bg3 g4 11. Bh4 Nbd7 12. e4 Rg8 13. Qd2 Nxe4 14. Bxd8 Nxd2 15.
Bc7 Nxf1 16. Kxf1 {RAFFAELE resigns} 0-1

[Event "ICS rated blitz match"]
[Site "204.178.125.65"]
[Date "2001.07.21"]
[Round "?"]
[White "Hossa"]
[Black "RAFFAELE"]
[Result "1-0"]
[WhiteElo "2610"]
[BlackElo "2318"]
[PlyCount "105"]
[EventDate "2001.??.??"]

1. d4 c5 2. d5 g6 3. e4 Bg7 4. Nc3 d6 5. Nf3 Nf6 6. Bd3 Bg4 7. h3 Bxf3 8. Qxf3
Nbd7 9. Be2 O-O 10. Bd2 a6 11. O-O-O b5 12. g4 Qa5 13. g5 Ne5 14. Qf4 Nfd7 15.
a3 Qc7 16. h4 Rfb8 17. h5 b4 18. Na4 bxa3 19. bxa3 Qb7 20. Ba5 Qb1+ 21. Kd2 Qa2
22. hxg6 fxg6 23. Nc3 Nc4+ 24. Bxc4 Qxc4 25. Rh3 Rb2 26. Qh4 Nf8 27. a4 Rab8
28. Rc1 R8b4 29. Bxb4 cxb4 30. Nd1 Ra2 31. Ke1 Rxa4 32. Rd3 Ra3 33. Ne3 Qc5 34.
Ke2 a5 35. Rcd1 Ra2 36. f4 a4 37. Kf3 Rb2 38. Ra1 a3 39. Rad1 a2 40. Qh1 Qc8
41. Qf1 Nd7 42. Rc1 Nc5 43. Rdd1 Na4 44. Nc4 Qc5 45. Re1 b3 46. Nxb2 Bxb2 47.
cxb3 Nc3 48. Ra1 Bxa1 49. Rxa1 Qb4 50. Qc4 Qxc4 51. bxc4 h5 52. gxh6 Kh7 53.
Ke3 {RAFFAELE resigns} 1-0

[Event "ICS rated blitz match"]
[Site "204.178.125.65"]
[Date "2001.07.21"]
[Round "?"]
[White "RAFFAELE"]
[Black "Hossa"]
[Result "1-0"]
[WhiteElo "2313"]
[BlackElo "2615"]
[PlyCount "217"]
[EventDate "2001.??.??"]

1. d4 Nf6 2. c4 e6 3. Nc3 Bb4 4. Bg5 c5 5. d5 d6 6. e3 h6 7. Bh4 Bxc3+ 8. bxc3
e5 9. f3 g5 10. Bg3 g4 11. Bh4 Nbd7 12. e4 Rg8 13. Qc1 gxf3 14. gxf3 h5 15. Ne2
Nf8 16. Ng3 Ng6 17. Bg5 Rh8 18. h4 Rb8 19. Rh2 Bd7 20. a4 Qe7 21. Rb2 Bc8 22.
Qd2 Kd8 23. Qh2 Ke8 24. Bh3 Bxh3 25. Qxh3 Nf4 26. Qh2 Nd3+ 27. Kf1 Nxb2 28.
Qxb2 Qd8 29. Qh2 Ra8 30. Rb1 b5 31. cxb5 Kf8 32. c4 Rh7 33. Qd2 Rh8 34. a5 Ke8
35. b6 Rb8 36. b7 Kf8 37. a6 Kg8 38. Kf2 Kf8 39. Rg1 Ke8 40. Nf5 Kd7 41. Qa2
Ke8 42. Qa4+ Kf8 43. Qc6 Rh7 44. Nxd6 Ng4+ 45. fxg4 f6 46. Be3 Rc7 47. Bxc5
Rxc6 48. dxc6 Qa5 49. Nb5+ Kf7 50. Rd1 Qa2+ 51. Ke1 Qa5+ 52. Ke2 Qa2+ 53. Ke1
Qa5+ 54. Kf2 Qa2+ 55. Ke3 Qb3+ 56. Rd3 Qb1 57. Rd7+ Kg8 58. c7 Qe1+ 59. Kd3 Re8
60. Rd8 Qd1+ 61. Kc3 Rxd8 62. cxd8=Q+ Qxd8 63. Bxa7 Qa5+ 64. Kb3 Qxa6 65. b8=Q+
Kg7 66. gxh5 Qa1 67. Qc7+ Kg8 68. Qd8+ Kg7 69. Qe7+ Kg8 70. Nc3 Qc1 71. Qxf6
Kh7 72. Qxe5 Qh6 73. Bd4 Qf8 74. Qc7+ Kh6 75. Be3+ Kxh5 76. Qh7+ Kg4 77. Qf5+
Qxf5 78. exf5 Kxf5 79. h5 Ke6 80. c5 Kf5 81. h6 Kf6 82. c6 Ke6 83. Nd5 Kf5 84.
c7 Ke6 85. Kc4 Kd7 86. h7 Kd6 87. h8=N Kd7 88. Nf7 Ke6 89. Ng5+ Kd7 90. Bf4 Kc8
91. Ne6 Kd7 92. Nc5+ Ke8 93. c8=B Kf7 94. Bf5 Kg7 95. Bg5 Kf7 96. Ne4 Kg7 97.
Nd6 Kg8 98. Nf4 Kg7 99. Kd5 Kh8 100. Ke6 Kg7 101. Nh5+ Kg8 102. Kf6 Kf8 103.
Bh6+ Kg8 104. Nf4 Kh8 105. Ne6 Kg8 106. Ng5 Kh8 107. Bb1 Kg8 108. Bh7+ Kh8 109.
Ndf7# {Hossa checkmated} 1-0

[Event "ICS rated blitz match"]
[Site "204.178.125.65"]
[Date "2001.07.21"]
[Round "?"]
[White "Hossa"]
[Black "M-Elgabry"]
[Result "1-0"]
[WhiteElo "2588"]
[BlackElo "2268"]
[PlyCount "83"]
[EventDate "2001.??.??"]

1. e4 e5 2. Nf3 f6 3. Bc4 d6 4. d4 Be6 5. Bxe6 Qe7 6. d5 Nd7 7. Be3 c5 8. O-O
g5 9. c4 h5 10. Qa4 h4 11. Nc3 a6 12. b4 cxb4 13. Qxb4 Nc5 14. Bxc5 dxc5 15.
Qb6 Rb8 16. Rab1 Qd6 17. Qa5 Be7 18. Bf5 Bd8 19. Qa4+ Kf8 20. Be6 Ne7 21. Rb2
Ng6 22. Bf5 Nf4 23. g3 hxg3 24. fxg3 Nd3 25. Rd2 b5 26. cxb5 c4 27. Qxc4 Nc5
28. bxa6 Nxa6 29. Na4 Rb4 30. Qc2 Bb6+ 31. Nxb6 Qxb6+ 32. Rdf2 Nc5 33. Rc1 Rb5
34. Nxe5 Kg7 35. a4 Nxa4 36. Qc7+ Qxc7 37. Rxc7+ Kf8 38. Ng6+ Ke8 39. d6 Rxf5
40. Re7+ Kd8 41. Nxh8 Rxf2 42. Nf7+ {M-Elgabry resigns} 1-0

[Event "ICS rated blitz match"]
[Site "204.178.125.65"]
[Date "2001.07.21"]
[Round "?"]
[White "MORATINOS"]
[Black "Hossa"]
[Result "0-1"]
[WhiteElo "2096"]
[BlackElo "2592"]
[PlyCount "46"]
[EventDate "2001.??.??"]

1. e4 c6 2. Nf3 d5 3. exd5 cxd5 4. d4 Bg4 5. Bd3 Nc6 6. O-O Bxf3 7. Qxf3 Nxd4
8. Qg4 Nc6 9. c3 Nf6 10. Qg3 g6 11. Na3 e5 12. Nb5 a6 13. Na3 Bxa3 14. bxa3 Nh5
15. Qg4 O-O 16. Bh6 f5 17. Qe2 Rf7 18. Rad1 Qh4 19. Bc2 Nf6 20. Bb3 Qxh6 21. f4
Rd8 22. fxe5 Ng4 23. h3 Qe3+ {MORATINOS resigns} 0-1

[Event "ICS Rated bullet match"]
[Site "204.178.125.65"]
[Date "2001.07.21"]
[Round "?"]
[White "Psilocybe"]
[Black "Hossa"]
[Result "0-1"]
[WhiteElo "2557"]
[BlackElo "2581"]
[PlyCount "24"]
[EventDate "2001.??.??"]

1. d4 Nf6 2. c4 e6 3. Nc3 Bb4 4. e3 O-O 5. Bd3 d5 6. Nf3 c5 7. O-O dxc4 8. Bxc4
Nbd7 9. Qe2 cxd4 10. exd4 Nb6 11. Bd3 Nbd5 12. Bd2 Bd6 {Psilocybe resigns} 0-1

[Event "ICS rated standard match"]
[Site "204.178.125.65"]
[Date "2001.07.21"]
[Round "?"]
[White "BrazilianMaster"]
[Black "Hossa"]
[Result "1-0"]
[WhiteElo "2676"]
[BlackElo "2305"]
[PlyCount "92"]
[EventDate "2001.??.??"]

1. d4 Nf6 2. c4 b6 3. Nf3 e6 4. a3 Bb7 5. Nc3 Be7 6. d5 exd5 7. cxd5 O-O 8. e4
Re8 9. Bd3 c6 10. e5 Nxd5 11. O-O d6 12. e6 fxe6 13. Qc2 h6 14. Bg6 Rf8 15. Nd4
Nc7 16. Re1 e5 17. Nf5 Nd7 18. Qe2 Nf6 19. f4 Ba6 20. Qc2 Nd7 21. Bd2 d5 22.
fxe5 Bc5+ 23. Kh1 Kh8 24. Bf4 Ne6 25. Qd2 Nxf4 26. Qxf4 Bd3 27. g4 a5 28. e6
Qf6 29. Bh5 d4 30. Na4 Ra7 31. Rac1 Nb8 32. Nxc5 Bxf5 33. gxf5 bxc5 34. Rxc5 d3
35. Qe3 Qe7 36. Re5 Rb7 37. Qxd3 Rxb2 38. Qc3 Rb5 39. a4 Rd5 40. Bg6 Rfd8 41.
Rxd5 cxd5 42. f6 gxf6 43. Qc1 Kg7 44. Bf5 Rh8 45. Rg1+ Kf8 46. Qc8+ Qe8 {
Hossa resigns} 1-0

[Event "ICS rated blitz match"]
[Site "204.178.125.65"]
[Date "2001.07.21"]
[Round "?"]
[White "xracer"]
[Black "Hossa"]
[Result "1/2-1/2"]
[WhiteElo "2667"]
[BlackElo "2594"]
[PlyCount "128"]
[EventDate "2001.??.??"]

1. e4 e6 2. d4 d5 3. Nc3 Bb4 4. e5 b6 5. Nh3 Ne7 6. a3 Bxc3+ 7. bxc3 c5 8. Qg4
Ng6 9. Bd3 cxd4 10. cxd4 Ba6 11. Bxa6 Nxa6 12. O-O Qc7 13. Qe2 Qc4 14. Qxc4
dxc4 15. Ng5 Ke7 16. a4 Nh4 17. c3 h5 18. a5 Rhc8 19. axb6 axb6 20. Ne4 Nf5 21.
f3 h4 22. Bg5+ Kd7 23. Rfb1 Nc7 24. Rxa8 Rxa8 25. Rxb6 Ra1+ 26. Kf2 Nd5 27. Rb2
Kc6 28. g4 hxg3+ 29. hxg3 Rh1 30. Rb8 Rh2+ 31. Kg1 Rc2 32. Rc8+ Kd7 33. Rxc4 f6
34. exf6 gxf6 35. Bxf6 Nxg3 36. Nxg3 Nxf6 37. Ne4 Nd5 38. Rc5 Nf4 39. Re5 Ke7
40. Ra5 Ne2+ 41. Kh1 Nxc3 42. Rc5 Rc1+ 43. Kg2 Ne2 44. Kf2 Nf4 45. Rxc1 Nd3+
46. Ke3 Nxc1 47. Nc3 Kd6 48. Ke4 Nb3 49. f4 Nd2+ 50. Kd3 Nf1 51. Ne4+ Kc6 52.
Nf6 Ng3 53. Ng4 Kd5 54. Ne3+ Kd6 55. Nc4+ Ke7 56. Kd2 Nf5 57. Kc3 Ng3 58. Kd3
Kf7 59. Na5 Kf6 60. Ke3 Nf5+ 61. Ke4 Nxd4 62. Kxd4 Kf5 63. Ke3 e5 64. fxe5 Kxe5
{Game drawn because neither player has mating material} 1/2-1/2

[Event "ICS rated bullet match"]
[Site "204.178.125.65"]
[Date "2001.07.21"]
[Round "?"]
[White "QueenMaxima"]
[Black "Hossa"]
[Result "0-1"]
[WhiteElo "2505"]
[BlackElo "2596"]
[PlyCount "118"]
[EventDate "2001.??.??"]

1. e4 e6 2. d4 d5 3. exd5 exd5 4. Bd2 Qf6 5. Ne2 Bd6 6. Nbc3 c6 7. Rg1 Bxh2 8.
Rh1 Bd6 9. Rh5 Bg4 10. Rg5 h5 11. f3 Bd7 12. Na4 Na6 13. Nac3 O-O-O 14. a3 Re8
15. Bc1 Kb8 16. Qd3 Nc7 17. Kd1 Ne6 18. Nxd5 Qd8 19. Rf5 cxd5 20. Rxd5 Bc7 21.
Rf5 Re7 22. Rd5 g6 23. f4 Nf6 24. Re5 Ng4 25. Qc4 Bxe5 26. fxe5 Nxe5 27. Qd5
Ng4 28. Qd6+ Ka8 29. Qb4 Bc6 30. g3 Rhe8 31. c3 Nf2+ 32. Kc2 Be4+ 33. Kd2 Ng5
34. Nf4 Nf3+ 35. Ke3 Ng4+ 36. Ke2 Nxd4+ 37. cxd4 Bg2+ 38. Kd1 Bxf1 39. Bd2 Rc7
40. Bc3 Ne3+ 41. Kc1 Rc4 42. Qb3 Qxd4 43. Nxh5 gxh5 44. Kb1 Bd3+ 45. Ka2 Qd7
46. Rc1 Rg8 47. Bd2 Rxc1 48. Bxc1 Bc4 49. Bxe3 Bxb3+ 50. Kxb3 Qd3+ 51. Ka2 Qxe3
52. Ka1 Qc1+ 53. Ka2 Qc4+ 54. Kb1 Qd3+ 55. Ka2 Qd5+ 56. Kb1 Qd1+ 57. Ka2 Rxg3
58. a4 Qxa4+ 59. Kb1 Rg1# {QueenMaxima checkmated} 0-1

[Event "ICS rated bullet match"]
[Site "204.178.125.65"]
[Date "2001.07.21"]
[Round "?"]
[White "Hossa"]
[Black "QueenMaxima"]
[Result "0-1"]
[WhiteElo "2608"]
[BlackElo "2493"]
[PlyCount "152"]
[EventDate "2001.??.??"]

1. e4 e5 2. Nf3 Qf6 3. c3 Nc6 4. d3 h6 5. Be2 Bc5 6. b4 Bb6 7. a4 a5 8. b5 Nce7
9. O-O d6 10. d4 exd4 11. cxd4 Qg6 12. Nc3 Bh3 13. Ne1 Nf6 14. Bf3 O-O 15. Nd3
Bc8 16. Nf4 Qh7 17. e5 dxe5 18. dxe5 Nd7 19. Bxb7 Bxb7 20. Qxd7 Ng6 21. Nxg6
Qxg6 22. Nd5 Qe4 23. Ne7+ Kh8 24. Nc6 Rad8 25. Qe7 Bxc6 26. bxc6 Rfe8 27. Qa3
Rxe5 28. Be3 Qxc6 29. Rac1 Qb7 30. Bxb6 Qxb6 31. Qc3 Re7 32. Rb1 Qa7 33. Rb5
Ra8 34. Rfb1 Re2 35. Qf3 Rae8 36. Rf1 f6 37. Qc6 R8e7 38. Qd5 R2e5 39. Qd8+ Re8
40. Qd7 Re4 41. Rh5 Re2 42. Qf5 R2e5 43. Qd7 Re4 44. Rh3 R4e7 45. Qd2 Re2 46.
Qd5 Qa6 47. Rd3 Re1 48. g3 R1e2 49. Rfd1 Qb6 50. Rd4 c5 51. Rh4 c4 52. Rf1 c3
53. Rh5 R8e5 54. Qa8+ Kh7 55. Rh4 c2 56. Qf3 Qc5 57. Qd3+ f5 58. Rc4 Qd5 59.
Rd4 Qc6 60. Rc4 Qa6 61. Qc3 Qb7 62. Qd3 Qb2 63. Rc7 R5e4 64. Qd7 Qe5 65. Rb7
Re1 66. Rc7 Rxf1+ 67. Kxf1 Re1+ 68. Kg2 c1=Q 69. Rxc1 Qe4+ 70. f3 Re2+ 71. Kh3
Qxf3 72. Qxg7+ Kxg7 73. Rc7+ Kg6 74. Rc6+ Kg5 75. Rg6+ Kxg6 76. Kh4 Rxh2# {
Hossa checkmated} 0-1